The Piano Collection [CD аудио] (Запис номер 227772)
[ съкратено ]
| 000 -Лидер | |
|---|---|
| Контролно поле с фиксирана дължина | 01464njm a2200421 c 4500 |
| 003 - Код на организацията, давaща контролен номер | |
| Контролно поле | BLK |
| 005 - Дата и час на последна редакция | |
| Контролно поле | 20250330004129.0 |
| 008 - Елементи от данни с фиксирана дължина | |
| fixed length control field | 180410b bul||n||s|||||||| n|bulo| |
| 010 ## - Наследен системен номер | |
| LC control number | CDD00008714000 |
| 040 ## - Източник на каталожния запис | |
| Идентификатор на билиотеката - собственик на записа | BLK |
| 041 ## - Код за език | |
| Код за езика на текст/звукозапис или на отделно заглавие | Немски |
| Код за езика КДБФ | Немски |
| 072 #7 - Код за тематичната категория | |
| Код организация | bullib |
| Код за тематична категория | Н9901 |
| Текст | Немска читалня - музика Н |
| 080 ## - УДК | |
| Текстов определител УДК | Пиано. Вариации, прелюдии, фуги, увертюри, интермеци, интерлюдии |
| УДК код - определител по УДК | 786.2.083.2 |
| УДК определител | |
| УДК - код + определител | 786.2.083.2 |
| 100 ## - Редна дума - Автор | |
| Автор | Liszt, Ferenc |
| Дати, свързани с автора | 1811-1886 |
| R(LIN) | 387693 |
| 139 ## - Редно поле | |
| Редна дума | Liszt, Ferenc |
| Авторски знак | Lis - L 80 |
| 245 10 - Сведения за заглавието | |
| Заглавие | The Piano Collection [CD аудио] |
| Подзаглавни данни | CD 1-10 |
| Редно поле (дума) | Ferenc Liszt; * Ференц Лист. |
| Том | CD 4 |
| 257 ## - Страна на издаване | |
| Страна на създаване/издаване | Германия |
| 260 ## - Област на издателските данни | |
| -- | New York |
| Име на издателя, разпространителя и проч. | EMI Classics |
| Година на издаване | 2011 |
| 300 ## - Физическа характеристика | |
| Страници | 12 cm. Stereo |
| 380 ## - Жанр | |
| Жанр | Изкуство |
| 505 ## - Форматирана забележка | |
| Подзаглавни данни | Cantique d'amour S173 |
| Заглавие | Harmonies poetiques et religieuses |
| 505 ## - Форматирана забележка | |
| Подзаглавни данни | S541 |
| Заглавие | Liebestraume |
| 505 ## - Форматирана забележка | |
| Подзаглавни данни | S172 |
| Заглавие | Consolations |
| 505 ## - Форматирана забележка | |
| Подзаглавни данни | S175 |
| Заглавие | Deux Legendes |
| 505 ## - Форматирана забележка | |
| Заглавие | Deux Ballades |
| 650 #0 - Допълнително описание по предмет – тема | |
| Основно описание – тема или топоним | Пиано - композиции |
| 9 (RLIN) | 275984 |
| 653 ## - Ключова дума – ненормативна | |
| Ключова дума | пиано |
| 653 ## - Ключова дума – ненормативна | |
| Ключова дума | композиции |
| 659 ## - Тематичен бюлетин | |
| Тематичен бюлетин | Ф |
| 700 ## - Други автори (авторска отговорност) | |
| Лично име | Лист, Ференц |
| Дати, свързани с автора | 1811 - 1886 |
| 9 (RLIN) | 376440 |
| 760 1# - Описание на основната серия | |
| Редна дума на основното описание | Liszt, Ferenc |
| Страници - том | 76мин. 10сек. |
| Заглавие | CD 4 |
| 852 ## - Местоположение | |
| Форматна сигнатура | Цб CD 3892 |
| Част | 5 |
| 856 4# - Електронен адрес и достъп | |
| Електронен формат | pdf - файл |
| Път до файла /url/ | |
| 856 4# - Електронен адрес и достъп | |
| Електронен формат | pdf - файл |
| Път до файла /url/ | |
| 942 ## - АРТИКУЛИ | |
| Вид на библиотечния материал | Компактдискове |
| Скрит в OPAC | Не |
| 944 ## - СЪЗДАВАНЕ И РЕДАКЦИЯ на ЗАПИСА | |
| Създаване/Редакция | Създаване |
| Дата на регистрацията/редакция | 19.03.2013 |
| Служител, извършил регистрацията/редакцията | |
| Статус, дата на статуса | CRON CRON |
| 944 ## - СЪЗДАВАНЕ И РЕДАКЦИЯ на ЗАПИСА | |
| Създаване/Редакция | Редакция |
| Дата на регистрацията/редакция | 04.02.2015 |
| Служител, извършил регистрацията/редакцията | Теодора_Стоянова |
| 999 ## - СИСТЕМНИ КОНТРОЛНИ НОМЕРА | |
| Koha biblionumber | 227772 |
| Koha biblioitemnumber | 227772 |
| Код за отписване | Код за изгубен артикул | Източник на класификационната схема | Код за повреда | Коз за рестрикции | Код за отдаване | Артикулен № | Име на библиотеката - собственик | Име на библиотеката, в която се намира в момента | Статус (Текущо местоположение) | Дата на вписване в системата | Местоположение - отдел | Цена в лева | Инвентарен номер | Систематично азбучна сигнатура | Баркод | Номер на екземпляра | Цена в евро | Служебна бележка | Служебен тип на артикула |
|---|---|---|---|---|---|---|---|---|---|---|---|---|---|---|---|---|---|---|---|
| Не е изгубен | Universal Decimal Classification | Не е повреден | без рестрикции | заемане за дома | 399932 | Регионална библиотека "Любен Каравелов" Русе | Регионална библиотека "Любен Каравелов" Русе | Отдел Изкуство - подръчен фонд | 2000-01-01 | Отдел Изкуство - подръчен фонд | 5.00 | 120000906507 | 780.616/L 80 | 120000906507 | 1 | 2.56 | Дост: DA Вид: А N: стар фонд Дата: 01.01.2000 Съставил: Теодора_Стоянова | Компактдискове |